000
00255nam a2200097Ia 4500
001
1251149
005
20251031150910.0
008
251031s9999 xx 000 0 und d
245
0
_c
YELDA CUMALIOĞLU
_a
I-4 MÜTHİŞ PSİKOLOJİ
260
_b
DESTEK YAYINLARI
999
_c
1251149
_d
1251149